Normal view
MARC view
- القيادة الإدارية -الاتصالات الادارية
Entry Topical Term
001 - CONTROL NUMBER
- control field: 29389
003 - CONTROL NUMBER IDENTIFIER
- control field: JO-AjAnu
005 - DATE AND TIME OF LATEST TRANSACTION
- control field: 20230606074953.0
008 - FIXED-LENGTH DATA ELEMENTS
- fixed length control field: 230606|| aca||aabn | a|a d
040 ## - CATALOGING SOURCE
- Original cataloging agency: JO-AjAnu
- Transcribing agency: JO-AjAnu
150 ## - HEADING--TOPICAL TERM
- Topical term or geographic name entry element: القيادة الإدارية -الاتصالات الادارية
670 ## - SOURCE DATA FOUND
- Source citation: Work cat.: (JO-AjAnu)15089: رضا،هاشم حمدي, author 29388, تنمية مهارات الاتصال والقيادة الادارية